00750nam a2200253Ia 4500001000900000003000500009005001700014008004100031010001100072020001800083040000900101082002100110100002700131245011000158260003200268300001100300440005800311503000800369504002700377650002600404650001700430650002900447650002000476dia_6228CHAP20251027151914.0220117s1999 xx 000 0 und d a177451 a968-18-5890-5 cCHAP a516.186 M66 1999 aMonroy Pérez, Felipe aMatemáticas para el diseño : introducción a la teoría de la simetría /c Felipe Monroy Pérez aMéxico :b Limusa,c1999 a101 p. aColección Textos Politénicos. Serie Matemáticas aC/e aBibliografía: p. 101 aGrupos simétricos  aSimetría  aSymmetry (mathematics)  aSymmetry groups